GPAT-MADE EASY (Record no. 7107)

MARC details
000 -LEADER
fixed length control field 00314nam a2200145Ia 4500
008 - FIXED-LENGTH DATA ELEMENTS--GENERAL INFORMATION
fixed length control field 150301s2015 xx 000 0 und d
082 ## - DEWEY DECIMAL CLASSIFICATION NUMBER
Classification number 615.1
Item number G11A
100 ## - MAIN ENTRY--PERSONAL NAME
Personal name S.S. AGRAWAL
245 ## - TITLE STATEMENT
Title GPAT-MADE EASY
250 ## - EDITION STATEMENT
Edition statement 4TH
260 ## - PUBLICATION, DISTRIBUTION, ETC. (IMPRINT)
Name of publisher, distributor, etc. APH - DELHI
300 ## - PHYSICAL DESCRIPTION
Extent 492
650 ## - SUBJECT ADDED ENTRY--TOPICAL TERM
Topical term or geographic name as entry element PAHRMACY
942 ## - ADDED ENTRY ELEMENTS (KOHA)
Source of classification or shelving scheme Dewey Decimal Classification
Koha item type Books
Koha issues (borrowed), all copies 8
Holdings
Withdrawn status Lost status Source of classification or shelving scheme Damaged status Not for loan Collection code Home library Current library Date acquired Source of acquisition Cost, normal purchase price SGTU Bill Number Total Checkouts Full call number Barcode Date last seen Date last checked out Bill Date Koha item type
    Dewey Decimal Classification     PHARMACY SGT FA-FP Library SGT FA-FP Library 02/07/2015 ABC DELHI 345.00 SGTU 492 5 615.1 G11A FP386 20/01/2024 20/01/2024 24/11/2014 Books
    Dewey Decimal Classification     PHARMACY SGT FA-FP Library SGT FA-FP Library 02/07/2015 ABC DELHI 345.00 SGTU 492 6 615.1 G11A FP387 03/04/2026 03/04/2026 24/11/2014 Books
    Dewey Decimal Classification     PHARMACY SGT FA-FP Library SGT FA-FP Library 02/07/2015 ABC DELHI 345.00 SGTU 492 8 615.1 G11A FP388 08/10/2021 08/10/2021 24/11/2014 Books
    Dewey Decimal Classification     PHARMACY SGT FA-FP Library SGT FA-FP Library 02/07/2015 ABC DELHI 345.00 SGTU 492 3 615.1 G11A FP389 12/03/2025 28/02/2025 24/11/2014 Books
    Dewey Decimal Classification     PHARMACY SGT FA-FP Library SGT FA-FP Library 02/07/2015 ABC DELHI 345.00 SGTU 492 1 615.1 G11A FP390 20/08/2016 12/08/2016 24/11/2014 Books
    Dewey Decimal Classification     PHARMACY SGT FA-FP Library SGT FA-FP Library 02/07/2015 ABC DELHI 345.00 SGTU 492 4 615.1 G11A FP391 07/02/2020 25/01/2020 24/11/2014 Books
    Dewey Decimal Classification     PHARMACY SGT FA-FP Library SGT FA-FP Library 02/07/2015 ABC DELHI 345.00 SGTU 492 4 615.1 G11A FP392 27/05/2025 07/05/2025 24/11/2014 Books
    Dewey Decimal Classification     PHARMACY SGT FA-FP Library SGT FA-FP Library 02/07/2015 ABC DELHI 345.00 SGTU 492 10 615.1 G11A FP393 29/01/2020 24/01/2020 24/11/2014 Books